| 000 | 00484nam a22001697a 4500 | ||
|---|---|---|---|
| 003 | CEME | ||
| 005 | 20210628202705.0 | ||
| 008 | 210120b xxu||||| |||| 00| 0 eng d | ||
| 040 | _cceme | ||
| 082 | _a515.35 ZIL | ||
| 100 |
_aZill, Dennis .G ,Cullen, Michael .R _961096 |
||
| 245 | _aDifferential equations with boundary value problems | ||
| 260 |
_aRAWALPINDI _bNATIONAL BOOK FOUNDATION _c2007 |
||
| 300 | _aXV, 890 P | ||
| 650 |
_aDIFFERENTIAL EQUATIONS _9688 |
||
| 942 |
_cBK _2ddc |
||
| 999 |
_c570652 _d570652 |
||